Travesía: Libro de lectura para 5º grado
Saved in:
| Main Author: | |
|---|---|
| Other Authors: | |
| Format: | Unknown |
| Language: | Spanish |
| Published: |
2-Buenos Aires,Argentina
Santillana
1992
|
| Textbook Catalogue: | MANES: Library Catalog Search Result |
| Textbook Classification: |
|
| Tags: |
Add Tag
No Tags, Be the first to tag this record!
|
| Added to: | 2016-04-26 |
MARC
| LEADER | 000000000a22000000004500 | ||
|---|---|---|---|
| 001 | 14875 | ||
| 003 | OSt | ||
| 008 | 160427s sp ||||| |||| 00| 0 spa d | ||
| 041 | 1 | |a spa | |
| 040 | |c centro_manes | ||
| 691 | 7 | |a PRI | |
| 100 | 1 | |a Cairo, Carlota |b Ilustración |9 10876 | |
| 690 | 0 | |a EyL | |
| 700 | 1 | |a Cotignola, Julio César |b Ilustración |9 10877 |a Mérega, Herminia |b Dirección de la edición |9 10878 |a Moyano, Celia |b Subdirección de la edición, programación y coordinación |9 10879 |a Silvente, Ana |9 10880 |a Vasallo, Marta |b Selección y redacción de textos y actividades |9 10881 | |
| 245 | 0 | 0 | |a Travesía: Libro de lectura para 5º grado |
| 260 | 3 | |a 2-Buenos Aires,Argentina |b Santillana |c 1992 | |
| 300 | |a 172 p. |c 24 x 18 cm. | ||
| 500 | |a Aprobado por el Consejo Nacional de Educación, Ministerio de Educación de la Provincia de Buenos Aires, Consejo Provincial de Educación de Neuquén, Dirección General de Escuelas de Mendoza, Consejos Generales de Educación de las provincias de: Santiago del Estero, Jujuy, La Pampa, La Rioja, San Juan, Entre Rios. |a nivel: Libro para quinto grado. | ||
| 942 | |2 ddc |c BK | ||
| 546 | |a Argentina | ||
| 999 | |c 20849 |d 20849 | ||
| 999 | |c manes:20849 |d 20849 | ||